Statystyki dla Rozpoznaj zagraniczną piosenkę po polsku #1

Kliknij tutaj aby rozwiązać quiz!

Ogólne statystyki

  • Ten quiz został rozwiązany 179 razy
  • Średni wynik to 6 z 16

Statystyki odpowiedzi

Tekst przetłumaczony na polskiArtystaTytuł utworu% Poprawnych
Zadzwoń do mnie, Zadzwoń do mnie Zadzwoń do mnie, Zadzwoń do mnie Zadzwoń do mnie Jestem tym samym chłopcem, którym byłemTytułCall on Me
66%
Witamy w dżungli, bierzemy ją dzień po dniu Jeśli chcesz, to będziesz krwawić, ale to jest cena, którą trzeba zapłacić. A ty jesteś bardzo seksowną dziewczyną, bardzo trudną do zadowolenia Możesz spróbować jasnych świateł, ale nie dostaniesz się tam za darmo. W dziczy, witamy w dżungli Poczuj mój, mój, mój serpentyn Uh, ja, chcę usłyszeć twój krzykTytułWelcome To The Jungle
50%
Jestem piękna na swój sposób, ponieważ Bóg nie popełnia błędów Jestem na dobrej drodze, kochanie, urodziłem się w ten sposóbTytułBorn This Way
46%
ArtystaLady Gaga
44%
ArtystaRihanna
42%
ArtystaBon Jovi
41%
Och, musimy się trzymać, gotowi czy nie Żyjesz dla walki, kiedy to wszystko, co masz Woah, jesteśmy w połowie drogi Łał, żyję na modlitwie Weź mnie za rękę, sprawimy, że przysięgam Łał, żyję na modlitwieTytułLivin' on a Prayer
40%
ArtystaGuns N' Roses
36%
Lepiej, żeby suka miała moje pieniądze! Powinniście mnie znać wystarczająco dobrze. Lepiej, żeby suka miała moje pieniądze! Proszę, nie dzwoń do mnie w sprawie mojego blefu. Zapłać mi to, co jesteś mi winien. Suko, daj mi swoje pieniądze. Za kogo wy się uważacie?TytułBitch Better Have My Money
31%
Idę samotną drogą Jedyny, jaki kiedykolwiek znałem Nie wiem dokąd to idzie Ale to tylko ja i idę sam Idę tą pustą ulicą Na bulwarze rozbitych snów Gdzie miasto śpi A ja jestem jedyna i chodzę samaTytułBoulevard Of Broken Dreams
29%
Obudź mnie w środku Zawołaj moje imię i ocal mnie od ciemności Poproś moją krew o ucieczkę Zanim się wycofam Uratuj mnie od tej pustki, którą się stałemTytułBring Me to Life
29%
ArtystaGreen Day
28%
ArtystaEvanescence
25%
W ten sposób przypominasz mi, kim naprawdę jestem To nie tak, że mówisz przepraszam czekałem na inną historię Tym razem się mylę Za oddanie serca, które warto złamać I myliłem się Byłem na dole Na dno każdej butelki Te pięć słów w mojej głowie krzyczy Czy bawimy się jeszcze?TytułHow You Remind Me
19%
ArtystaNickelback
19%
ArtystaEric Prydz
15%

Rozkład punktacji

Percentyl według liczby udzielonych odpowiedzi

Procent ludzi z każdym wynikiem

Twoja historia wyników

Nie rozwiązałeś tego quizu